00715nam a2200241 a 4500001001300000003000900013005001700022008004100039020002300080082001300103100003200116245001500148260004500163300000900208500003500217505002800252650001300280700003200293902000800325942000700333952011600340999001700456nice12345678IN_TiNIC20260116015034.0050524s2003 gena grp 000 0 eng  a3906706 c10000a230bLUT aLutheran World Federation,  aStudy Book aGenevabLutheran World Federation c2003 a240p aincludes index and biblioraphy2 aForeign Parts 1701-1950 aTheology1 aLutheran World Federation,  bSRS cBK 001040708StackRoom-aHMIbHMId2007-06-22g100.00l0o230 LUTp11001419r2007-06-22v100.00w2005-05-24yBK c18056d18056